Kāvyadīpikā. (Record no. 88319)

MARC details
000 -LEADER
fixed length control field 00795cam a22002771 4500
001 - CONTROL NUMBER
control field sa 68018313
003 - CONTROL NUMBER IDENTIFIER
control field DLC
005 - DATE AND TIME OF LATEST TRANSACTION
control field 20260227112710.0
008 - FIXED-LENGTH DATA ELEMENTS--GENERAL INFORMATION
fixed length control field 890824s1968 ii 000 0 sano
010 ## - LIBRARY OF CONGRESS CONTROL NUMBER
LC control number sa 68018313
035 ## - SYSTEM CONTROL NUMBER
System control number (OCoLC)20243312
040 ## - CATALOGING SOURCE
Original cataloging agency DLC
Transcribing agency WaU
Modifying agency DLC
041 0# - LANGUAGE CODE
Language code of text/sound track or separate title sanhin
042 ## - AUTHENTICATION CODE
Authentication code premarc
050 00 - LIBRARY OF CONGRESS CALL NUMBER
Classification number PK875
Item number .B49
100 1# - MAIN ENTRY--PERSONAL NAME
Personal name Bhaṭṭācārya, Kānticandra.
245 10 - TITLE STATEMENT
Title Kāvyadīpikā.
260 ## - PUBLICATION, DISTRIBUTION, ETC.
Date of publication, distribution, etc. 1968.
300 ## - PHYSICAL DESCRIPTION
Extent 16, 192 p.
Dimensions 19 cm.
490 1# - SERIES STATEMENT
Series statement Haridas Sanskrit series,
Volume/sequential designation 211
500 ## - GENERAL NOTE
General note Added t. p.in English.
500 ## - GENERAL NOTE
General note In Sanskrit ; commentary in Hindi and Sanskrit; notes in Hindi.
650 #0 - SUBJECT ADDED ENTRY--TOPICAL TERM
Topical term or geographic name entry element Sanskrit language
General subdivision Versification.
700 1# - ADDED ENTRY--PERSONAL NAME
Personal name Śukla, Rāmagovinda.
830 #0 - SERIES ADDED ENTRY--UNIFORM TITLE
Uniform title Haridāsa-Saṃskr̥ta-granthamālā ;
Volume/sequential designation 211

No items available.

Powered by Koha